[Event "FAI-chT3 1718"]
[Site "Faroe Islands"]
[Date "2018.01.07"]
[Round "3.4"]
[White "Simonsen, Signar"]
[Black "Petersen, Torkil"]
[Result "0-1"]
[WhiteElo "1227"]
[BlackElo "1544"]
[PlyCount "50"]
[EventDate "2017.10.22"]
[EventType "team-tourn"]
[EventRounds "9"]
[EventCountry "FAI"]
[SourceTitle "EXT 2020"]
[Source "ChessBase"]
[SourceDate "2019.10.17"]
[SourceVersion "1"]
[SourceVersionDate "2019.10.17"]
[SourceQuality "1"]
[WhiteTeam "Havnin V"]
[BlackTeam "Sandavagur III"]
[WhiteTeamCountry "FAI"]
[BlackTeamCountry "FAI"]

1. e4 d6 2. Bc4 e5 3. Nf3 Nd7 4. d3 Be7 5. Nc3 c6 6. Be3 Ngf6 7. 0-0 Qc7 8. Ne2 Nf8 9. Ng3 Ng6 10. Qe2 0-0 11. Nf5 Bxf5 12. exf5 Nh8 13. h3 a5 14. g4 b5 15. d4 bxc4 16. Qxc4 e4 17. Nd2 d5 18. Qe2 h6 19. f3 Bd6 20. fxe4 dxe4 21. Rf2 Rfe8 22. Nc4 Nd5 23. Raf1 f6 24. Nxd6 Qxd6 25. h4 Qg3+ 0-1